| 000 | 00804nam a2200205 a 4500 | ||
|---|---|---|---|
| 001 | 000005883 | ||
| 003 | 0000005883 | ||
| 005 | 20200929151826.0 | ||
| 008 | 090824s1956 dr 000 0 spa d | ||
| 040 |
_aDO-SdBNP _bspa _cBNPHU |
||
| 082 |
_a344.729304 _bR426a |
||
| 110 | 2 |
_aRepública Dominicana. _bSecretaría de Estado de Salud Pública. _bSeción Jurídica y Asuntos Exteriores. _916584 |
|
| 245 | 1 | 0 | _aAnteproyecto del Código Trujillo de Salud Pública. |
| 260 |
_aCiudad Trujillo, República Dominicana, : _b[s.n.], _c1956. |
||
| 300 |
_a61 p. ; _c27 cm. |
||
| 500 | _aAño del Benefactor de la Patria | ||
| 590 | _aInventariado, 2019/VM | ||
| 650 | 4 |
_aSalud pública _xLegislación _zRepública Dominicana _xHistoria _yERA DE TRUJILLO, 1930-1961 _916585 |
|
| 910 | _aValidado. Control de calidad MFF | ||
| 999 |
_c5679 _d5679 |
||